Quizzes
Events
Quiz Creation
Community
Videos
Private Events
Remove Ads
Sign In
Join for FREE
Feedback
Dark Mode
Quiz Categories
Sports
Geography
Music
Movies
Television
Just For Fun
Miscellaneous
History
Literature
Language
Science
Gaming
Entertainment
Religion
Holiday
For Kids
Quiz Lab
Recent
Popular Today
Quiz Kudos Today
Editor Picks
Curator Picks
Quizzes by...
Day
Popularity
Type
Ratings
Length
Year
Community
Subscriptions
Recent Discussions
Orange Saloon
Badges
Playlists
Quests
Create
Leaderboards
Showdown
Live 5
Trivia Bingo
Activity
Puzzle Library
Sporcle Events
Private Events
Virtual Trivia
Globe League
Become a Host
Pub Owners
SporcleCon
Opinionation
Our Games
Videos
Blog
Mobile Apps
Partnerships
Remove Ads and Go Orange
Feedback
Language
Vocabulary
Begins and Ends
Definition
Spanish
French
German
Italian
Chinese
Latin
Translation
Japanese
Language
Vocabulary
Begins and Ends
Definition
Spanish
French
German
Italian
Chinese
Latin
Translation
Japanese
Random Quiz
Search Sporcle
×
Quiz Lab
Quiz Lab
Language
Type in answers that appear in a list
Type in answers that appear in a list
Classic
Best Score? Go Orange.
French Classroom Objectas Stats
Can you name the French Classroom Objects ks3?
By
MadManiac
10m
31 Questions
24 Plays
24 Plays
24 Plays
Comments
Comments
Give Quiz Kudos
Give Quiz Kudos
-
- Ratings
hide this ad
More Info
Random Order
Randomize order of answers
Randomize order of answers
Replay
Link that replays current quiz
Next Quiz
Link to next quiz in quiz playlist
You Got
0%
They Got
Avg Score
50%
Avg Friend Score
Upgrade to see
Score Distribution
Jump to the score distribution portion of the page
Score
0/31
Timer
10:00
0
Plays Today
French
English
% Correct
C'est un stylo
A pen
100%
C'est un bic
A pen
100%
C'est un crayon
A pencil
95.8%
C'est une table
A table
87.5%
C'est une Calculatrice
A calculator
83.3%
C'est une régle
A ruler
83.3%
C'est un ordinateur
A computer
83.3%
C'est une télévision
A television
79.2%
C'est une porte
A door
75%
C'est un sac
A bag
75%
C'est une chaise
A chair
70.8%
C'est une trousse
A pencil case
62.5%
C'est un bureau
A desk
62.5%
C'est une fenetrê
A window
58.3%
C'est une gomme
A rubber
50%
C'est un projecteur
A projecter
50%
French
English
% Correct
C'est un sac á dos
A back pack
37.5%
C'est un baton de colle it
A glue
37.5%
C'est un tableau
A board
37.5%
C'est un taille-
crayon
A pencil Sharpner
33.3%
C'est un lecteur de CDs
A CD player
33.3%
C'est une carte du monde
A map of the world
29.2%
C'est une boȋte
A box
25%
C'est un livre
A textook
20.8%
C'est un cartable
A school bag
20.8%
C'est un écran
A screen
20.8%
C'est un classeur
A file
12.5%
C'est un placard
A cupboard
12.5%
C'est un cahier
A excersice book
8.3%
C'est un magnetophone
A cassete player
8.3%
C'est un baladeur
A walkman
4.2%
Quiz Playlist
Details
Report
Send in Message
Add To Playlist
More Info:
Help You Learn French
Classic:
Type in answers that appear in a list
Random Order:
Randomize order of answers
Last Updated: Feb 16, 2017
Quiz Scoreboard
CHALLENGE
Sign Up to Join the Scoreboard
Show All
Scores
Hide
Comments
May contain spoilers
Recently Published
Click the 1999 NBA Draft
by nibperrychub
Sports
2m
Alphabetical 'K' Countries by Flag Minefield
by ylime102
Geography
3m
Pick 6: Fruits
by JohnFran
Miscellaneous
15s
More to Explore
Quiz From the Vault
Featured Blog Post
15 Basketball Trivia Facts You Can Be March Mad About
hide this ad
You Might Also Like...
Tags
This quiz does not have any tags.
Today's Top Quizzes in Language
Browse Language
hide this ad
Top Contributed Quizzes in Language
1
Spring or Fall
2
Spanish Seasons
3
Multilingual Seasons
4
Name the 4 Seasons in English
5
Seasonal Rhymes
6
Spring or Fall?
7
Guess the Word in 3 Words
8
Quick Pick: Seasons in Esperanto
9
Hiragana Speed Reading
10
Chinese Mandarin Numbers 1-10 Characters
Explore More
Trending Topics
Kpop
Disney
NBA
Anime
Marvel
Crossword
Harry Potter
Pokémon
Puzzle
Song
Country
NFL
WWE
The Office
Soccer
hide this ad
More By:
MadManiac
Quiz
Plays
Rating
Category
Featured
Created
Marvel and Dc Characters by Nickname
198
1.00
Entertainment
Aug 28, 2012
French Classroom Objectas
24
Language
Dec 17, 2012
Go to Creator's Profile
Score Distribution
Quiz Creator Spotlight
MadManiac
Follow
Send a Message
Quizzes Created
-
Created Quiz Play Count
-
More By This Creator
Popular Quizzes Today
1
Countries of Asia Without Outlines Minefield
2
Find the US States - No Outlines Minefield
3
Pick 6: Fruits
4
Alphabetical 'K' Countries by Flag Minefield
5
The Countries of the World
6
Find the US States
7
US States
8
Match the Book to the Film X
More Language Quizzes
Test Test
Published
Trending Quizzes
Pick 6: Harry Potter
Pick 6: Mountains
Pick 6: NFL Teams
Pick 6: Movie Franchises
Pick 6: Golfers
Recently Updated
NWSL Teams
pecheneg
Women's Final Four Teams by Year
bhenderson79
Presidents Quartet II
eogle
Anything But Clue(do)
eogle
Anything But Oceanian Capitals
eogle
Anything But 7
eogle
Anything But Thing
eogle
Word Ladder: February 29
pecheneg
Song Title Questions
pecheneg
Women's NCAA Tournament #1 Seeds
pecheneg
Trending Topics
NBA
Marvel
Harry Potter
Anime
Crossword
Kpop
Disney
NFL
WWE
Country
Soccer
Puzzle
Pokémon
Song
The Office
Your Account Isn't Verified!
In order to create a playlist on Sporcle, you need to verify the email address you used during registration. Go to your
Sporcle Settings
to finish the process.
Report this User
Report this user for behavior that violates our
Community Guidelines
.
Details:
Send Report
Go to the Sporcle.com Mobile Site →
Comments